LEADER 02111nam 2200421 n 450 001 996390504203316 005 20221107142600.0 035 $a(CKB)1000000000651318 035 $a(EEBO)2248519161 035 $a(UnM)99856538 035 $a(EXLCZ)991000000000651318 100 $a19921014d1586 uy | 101 0 $aeng 135 $aurbn||||a|bb| 200 12$aA book of Christian exercise, appertaining to resolution$b[electronic resource] $ethat is, shewing how that wee shoulde resolue our selues to become Christians indeed. By R.P. Perused, and accompanied now with a tretise tending to pacification. By Edm. Bunny 210 $aImprinted at London $c[By John Windet]$d1586 215 $a[26], 381, [3], 108, [2] p., folded table 300 $aR.P. = Robert Parsons. A Protestant adaptation, with an added treatise, by Edmund Bunny, of: Parsons, Robert. The first booke of the Christian exercise. Parsons' work was revised and enlarged in 1585 as: A Christian directory. 300 $aA piracy printed by John Windet (STC). 300 $a"A treatise tending to pacification" has separate divisional title and pagination; register is continuous. 300 $aThe table is printed on two leaves intented to be pasted together. 300 $a"Treatise tending to pacification" identified as STC 4095 on UMI microfilm reel 1341. 300 $aEach part filmed separately: part 1 on reel 1902; part 2 on reel 1341. 300 $aReproductions of the originals in the Sion College Library and the Union Theological Seminary (New York, N.Y.) Library. 330 $aeebo-0216 606 $aChristian life$xProtestant authors$vEarly works to 1800 615 0$aChristian life$xProtestant authors 701 $aBunny$b Edmund$f1540-1619.$01002895 701 $aParsons$b Robert$f1546-1610.$0138049 701 $aBunny$b Edmund$f1540-1619.$01002895 801 0$bCu-RivES 801 1$bCu-RivES 801 2$bCStRLIN 801 2$bWaOLN 906 $aBOOK 912 $a996390504203316 996 $aA book of Christian exercise, appertaining to resolution$92358054 997 $aUNISA LEADER 01549nas0 22003733i 450 001 MIL0202251 005 20251003044228.0 011 $a0733-9453 017 70$aP 00064462$2P 100 $a20140728a19839999||||0itac50 ba 101 | $aeng 102 $aus 110 $aa|u|||||||| 181 1$6z01$ai $bxxxe 182 1$6z01$an 200 1 $aJournal of surveying engineering 207 0$aVol.109, n. 1(1983)- 210 $aNew York$cAmerican society of civil engineers$d1983- 215 $a volumi$cill.$d22 cm 300 $aIrregolare; trimestrale dal 1989 300 $aDal 2003: 28 cm. 430 0$1001AQ10009834$12001 $aJournal of the Surveying and Mapping Division$eproceedings of the American Society of Civil Engineers 676 $a526.905$9GEOGRAFIA MATEMATICA. RILEVAMENTI. Pubblicazioni in serie$v14 676 $a526.905$9GEOGRAFIA MATEMATICA. RILEVAMENTI. Pubblicazioni in serie$v22 712 02$aAmerican society of civil engineers$3MILV019254 791 02$aASCE$3MILV026063$zAmerican society of civil engineers 801 3$aIT$bIT-000000$c20140728 850 $aIT-BN0095 901 $bNAP 01$cPER. $nComprende periodici italiani e stranieri 912 $aMIL0202251 950 0$aBiblioteca Centralizzata di Ateneo$b133(2007) Lac$c133(2007) Lac$d 01PER. ING. JOUOSE$e 0102 0000084015 VPA A4(2007 133 (2007), mancano i fasc. 3-4$fC $h20110407$i20140728 977 $a 01 996 $aJournal of surveying engineering$9104856 997 $aUNISANNIO